<An>Introduction to nuclear physics by W N Cottingham and D A Greenwood (Record no. 1211738)

MARC details
000 -LEADER
fixed length control field 01123nam a2200313Ia 4500
003 - CONTROL NUMBER IDENTIFIER
control field OSt
005 - DATE AND TIME OF LATEST TRANSACTION
control field 20221007123344.0
008 - FIXED-LENGTH DATA ELEMENTS--GENERAL INFORMATION
fixed length control field 221006b |||||||| |||| 00| 0 eng d
020 ## - INTERNATIONAL STANDARD BOOK NUMBER
International Standard Book Number 0521657334 (pbk)
037 ## - SOURCE OF ACQUISITION
Terms of availability Textual
040 ## - CATALOGING SOURCE
Original cataloging agency PAPL
Transcribing agency PAPL
Language of cataloging eng
041 ## - LANGUAGE CODE
Source of code eng
Language code of text/sound track or separate title eng
100 ## - MAIN ENTRY--PERSONAL NAME
Personal name Cottingham W N
9 (RLIN) 717125
245 #0 - TITLE STATEMENT
Title <An>Introduction to nuclear physics by W N Cottingham and D A Greenwood
Remainder of title Greenwood D A
250 ## - EDITION STATEMENT
Edition statement Ed 2
260 ## - PUBLICATION, DISTRIBUTION, ETC.
Place of publication, distribution, etc. Cambridge
Name of publisher, distributor, etc. Cambridge University Press
Date of publication, distribution, etc. 2001
300 ## - PHYSICAL DESCRIPTION
Extent xv, 271p
Dimensions cm.
500 ## - GENERAL NOTE
General note Appendix A-D, 222-244p; Index 267-271p; ^n23/CSL/CARPA/2001-2002/837^d2002-02-08^mPurchase; ; 2001-2002/465^b2002-02-20^c217^d2002-02-14^eRs.765.00^fUnilib Book Distributors; ; 2002-02-23^bSB^c2002-04-19^dRPS
650 ## - SUBJECT ADDED ENTRY--TOPICAL TERM
Topical term or geographic name entry element Atomic molecular
650 ## - SUBJECT ADDED ENTRY--TOPICAL TERM
Topical term or geographic name entry element Nuclear
9 (RLIN) 340612
650 ## - SUBJECT ADDED ENTRY--TOPICAL TERM
Topical term or geographic name entry element Physics
700 ## - ADDED ENTRY--PERSONAL NAME
Personal name Greenwood D A
9 (RLIN) 717126
942 ## - ADDED ENTRY ELEMENTS (KOHA)
Classification part C9B3, P1
Koha item type Textual
Source of classification or shelving scheme Colon Classification (CC)
Holdings
Withdrawn status Lost status Source of classification or shelving scheme Damaged status Not for loan Home library Current library Date acquired Source of acquisition Total Checkouts Full call number Barcode Date last seen Price effective from Koha item type
    Colon Classification (CC)     Department of Physics and Astrophysics Library Department of Physics and Astrophysics Library 2022-10-07 Unilib,   C9B3 P1 PA0005303 2022-10-07 2022-10-07 Textual
Copyright @ Delhi University Library System